| 000 | 01412nam a22003857a 4500 | ||
|---|---|---|---|
| 001 | 0008443 | ||
| 003 | KOHA_MİRAKIL | ||
| 005 | 20260207001634.0 | ||
| 007 | ta | ||
| 008 | 091009b2003 tu |||gr||||#0|||0|tur | | ||
| 020 |
_a9751603692 _qTk. 9751607515 _qc.1 _q 9751603706 _qc.2 _cTL12 |
||
| 040 |
_aTR-BiSEU _btur _cTR-BiSEU _erda |
||
| 041 | 0 | _atur | |
| 044 | _ctu | ||
| 050 |
_aDR589 _b.S66 1995 |
||
| 100 | 1 | _aSonyel, Salahi R.. | |
| 245 | 1 |
_aTürk Kurtuluş Savaşı ve dış politika: Büyük Millet Meclisi'nin açılışından Lozan Antlaşmasına kadar/ _cSalahi R. Sonyel ; Salahi R. Sonyel. |
|
| 264 | 1 |
_aAnkara : _bTürk Tarih Kurumu _c2003 |
|
| 300 | _a2.c. , XVII, 399 sayfa; 23 cm. | ||
| 336 |
_ametin _btxt _2rdacontent |
||
| 337 |
_aaracısız _bn _2rdamedia |
||
| 338 |
_acilt _bnc _2rdacarrier |
||
| 490 | 1 | _aAtatürk Kültür, Dil ve Tarih Yüksek Kurumu. | |
| 490 | 1 |
_aTürk Tarih Kurumu yayınları ; _vXVI.Dizi-Sa. |
|
| 490 | 1 | _a19-a2 | |
| 500 | _aKaynakça ve dizin var. | ||
| 500 | _aEser ingilizce belge resimleri içermektedir. | ||
| 650 | 0 |
_aTurkey--History--Revolution-- 20. century. _921024 |
|
| 650 | 0 |
_aTürkiye--Tarih--Kurtuluş Savaşı-- 20. yy. _921025 |
|
| 830 | 1 |
_aAtatürk Kültür, Dil ve Tarih Yüksek Kurumu. _96683 |
|
| 830 | 1 |
_aTürk Tarih Kurumu yayınları ; _vXVI.Dizi-Sa. _96704 |
|
| 830 | 1 |
_a19-a2 _921026 |
|
| 907 | _aTarih | ||
| 942 |
_2lcc _cBK |
||
| 999 |
_c8415 _d8415 |
||